00980nam a22002297a 4500999001700000003000900017008004100026040007100067082002900138100002600167245005000193260009200243300002800335505011900363650001500482650003600497650001800533710005900551942001600610945002100626952010300647 c13051d13051AR-CdUCM190411b ||||| |||| 00| 0 spa d aMUNICIPALIDAD PROVINCIAL DEL CUSCOcBIBLIOTECA MUNICIPAL DEL CUSCO 22ed.a985 /bSA22 / 1963 aSanchez, Luis Alberto aEl Perú: Retrato de un país adolescente / aLima :bUniversidad Nacional Mayor de San Marcos, Departamento de Publicaciones,c1963. a254 páginas ;c21 cm. aContenido: El cuerpo -- Fronteras y protocolos -- El hombre -- Lima -- Las ciudades -- Un país monocrático ... aPerú935 aVida y costumbres sociales9857 aHistoria9136 aUniversidad Nacional Mayor de San Marcos (Lima).99962 2ddccLIBROS aachld2019-04-11 002ddc4070aSCAbSCAcCARTd2019-04-11g50.00o985 / SA22 / 1963pSCA0002733r2019-04-11yLIBROS